Normal view
MARC view
- INDUSTRIAL MARKETING PLANNING. INDUSTRIAL MARKETING CONTROL
Entry Topical Term
001 - CONTROL NUMBER
- control field: 66237
003 - CONTROL NUMBER IDENTIFIER
- control field: NUST
005 - DATE AND TIME OF LATEST TRANSACTION
- control field: 20210628203545.0
008 - FIXED-LENGTH DATA ELEMENTS
- fixed length control field: 210628|| aca||aabn | a|a d
040 ## - CATALOGING SOURCE
- Original cataloging agency: NUST
- Transcribing agency: NUST
150 ## - HEADING--TOPICAL TERM
- Topical term or geographic name entry element: INDUSTRIAL MARKETING PLANNING. INDUSTRIAL MARKETING CONTROL
670 ## - SOURCE DATA FOUND
- Source citation: Work cat.: (NUST): Reeder, Robert R, Brierty, Edward G, Reeder, Betty H 66236, Industrial marketing, analysis planning and control, 1991
